| Tag |
First Indicator |
Second Indicator |
Subfields |
| LEADER |
00000cam a2200000 i 4500 |
| 001 |
in00000241513 |
| 005 |
20151010050929.0 |
| 008 |
750117s1975 ilua b 00110 eng d |
| 010 |
|
|
|a 74021340
|
| 020 |
|
|
|a 0226904199 :
|c $8.95
|
| 035 |
|
|
|a (OCoLC)01177092
|
| 035 |
|
|
|9 ABB3137AM
|
| 040 |
|
|
|a DLC
|c DLC
|d MQM
|d TXA
|d UtOrBLW
|
| 043 |
|
|
|a n-ust--
|
| 049 |
|
|
|a TXAM
|c [1182029]
|
| 050 |
0 |
0 |
|a E99.N3
|b W68
|
| 082 |
0 |
|
|a 301.42/1/0979
|
| 100 |
1 |
|
|a Witherspoon, Gary.
|
| 245 |
1 |
0 |
|a Navajo kinship and marriage /
|c Gary Witherspoon.
|
| 264 |
|
1 |
|a Chicago :
|b University of Chicago Press,
|c 1975.
|
| 300 |
|
|
|a xii, 137 pages :
|b illustrations ;
|c 23 cm.
|
| 336 |
|
|
|a text
|b txt
|2 rdacontent
|
| 337 |
|
|
|a unmediated
|b n
|2 rdamedia
|
| 338 |
|
|
|a volume
|b nc
|2 rdacarrier
|
| 500 |
|
|
|a Includes index.
|
| 504 |
|
|
|a Bibliography: pages 131-134.
|
| 650 |
|
0 |
|a Navajo Indians
|x Social life and customs.
|
| 650 |
|
0 |
|a Kinship
|z Southwest, New.
|
| 650 |
|
2 |
|a Navajo Indians.
|
| 650 |
|
2 |
|a Family.
|
| 650 |
|
2 |
|a Marriage.
|
| 999 |
|
|
|a MARS
|
| 999 |
f |
f |
|s 8bbcfc4a-17eb-3a31-9193-c1287a1446f2
|i b094261e-34b2-3318-8c93-03634f43d210
|t 0
|
| 952 |
f |
f |
|p ric
|a Texas A&M University
|b Rellis Campus
|c Joint Library Facility
|d Remote Storage
|t 0
|e E99.N3 W68
|h Library of Congress classification
|i unmediated -- volume
|m A14802143990
|
| 998 |
f |
f |
|a E99.N3 W68
|t 0
|l Remote Storage
|